000
00336 a2200169 4500
001
45028
020
_a
8508094701
040
_c
Anchieta - Aquarius
100
_a
Furnari, Eva
240
1
0
_a
Anjinho
_l
por
245
1
0
_a
Anjinho
300
_a
37
362
0
_a
2004
440
1
_a
Ática
650
4
_a
Literatura infantil
942
_c
BK
999
_c
45028
_d
45028